000
00277nam a22000977a 4500
008
240219b |||||||| |||| 00| 0 eng d
082
_a
922 P15g Ej.1
100
1
0
_a
Pankhurst, Kate
_e
autor
_9
43433
245
_a
Grandes mujeres que cambiaron el mundo /
_c
Kate Pankhurst
942
_2
ddc
999
_c
30603
_d
16987